• 首页
  • 本馆介绍
  • 公告通知
  • 最新文献
  • 馆藏检索
  • 电子资源
  • 读者导购
  • 参考咨询
  • 我的图书馆
  • 登录
  • 详细信息显示
  • 放入我的书架
  • 预约/预借图书
  • 作者相关作品
  • 分类相关作品
  • 丛书相关作品
  • 出版社相关作品

书目信息

  • 表格格式
  • 工作单格式
  • 卡片格式
题名:
21世纪的环境化学
    
 
作者: 叶常明 主编
分册:  
出版信息: 北京   科学出版社  2004
页数: 325页
开本: 24cm
丛书名:
单 册:
中图分类: X13
科图分类:
主题词: 环境化学
电子资源:
ISBN: 7-03-013706-X
000 00980nam0 2200253 450
000 00986nam0 2200253 450
000 00920nam0 2200229 450
000 00883nam0 2200217 45
005 20070525111132.75
010    @a7-03-013706-X@b精装@dCNY60.00
100    @a20070418d2004 em y0chiy0120 ea
101 0  @achi
102    @aCN@b110000
105    @ay z 000yy
200 1  @a21世纪的环境化学@A21 Shi Ji De Huan Jing Hua Xue@f叶常明等主编@FYe Chang Ming Deng Zhu Bian
210    @a北京@c科学出版社@d2004
215    @a325页@d24cm
304    @a国家自然科学基金委员会化学科学部组编
330    @a全书共分八章,论述了新形势下我国环境化学学科面临的机遇和挑战,以及环境化学研究的重要环境问题;分别对环境分析化学、环境污染化学、污染控制化学等环境化学各个分支学科的研究现状、主要成就、发展趋势和需要研究的科学问题进行了论述。
606 0  @a环境化学
690    @aX13@v4
701  0 @a叶常明@AYe Chang Ming@f(1938~)@4主编
801  0 @aCN@bTAOJIN@c20070525
905    @a10447@dX13@e106
    
    21世纪的环境化学/叶常明等主编.-北京:科学出版社,2004
    325页;24cm
    
    
    ISBN 7-03-013706-X(精装):CNY60.00
    全书共分八章,论述了新形势下我国环境化学学科面临的机遇和挑战,以及环境化学研究的重要环境问题;分别对环境分析化学、环境污染化学、污染控制化学等环境化学各个分支学科的研究现状、主要成就、发展趋势和需要研究的科学问题进行了论述。
●
相关链接 在E读中查询图书 在五车中查询图书 在当当中查询图书 在豆瓣中查询图书


正题名:21世纪的环境化学     索取号:X13/106         预约/预借

序号 登录号 条形码 馆藏地/架位号 状态 备注
1 0522406   205224069   第二样本阅览室/ [索取号:X13/106] 在馆    
2 0522407   205224078   第三借阅区/ [索取号:X13/106] 在馆    
3 0522408   205224087   第三借阅区/ [索取号:X13/106] 在馆    
4 0522409   205224096   第三借阅区/ [索取号:X13/106] 在馆    
5 0522410   205224103   第三借阅区/ [索取号:X13/106] 在馆    
6 0522411   205224112   第三借阅区/ [索取号:X13/106] 在馆    
7 0522412   205224121   第三借阅区/ [索取号:X13/106] 在馆    
8 0522413   205224130   第三借阅区/ [索取号:X13/106] 在馆    
9 0522414   205224149   第三借阅区/ [索取号:X13/106] 在馆    
唐山师范学院图书馆 欢迎您!
大连网信软件有限公司© 版权所有